| 000 | 02170cam a2200469 i 4500 | ||
|---|---|---|---|
| 001 | 22456944 | ||
| 003 | OSt | ||
| 005 | 20230620095831.0 | ||
| 008 | 220308s2015 enkab d 000 0 eng d | ||
| 010 | _a 2022285188 | ||
| 015 |
_aGBB571015 _2bnb |
||
| 016 | 7 |
_a017381798 _2Uk |
|
| 020 |
_a9780194798808 _q(paperback and DVD pack) |
||
| 020 |
_z9780194799515 _q(paperback) |
||
| 020 |
_z9780194798877 _q(paperback in pack) |
||
| 020 |
_z9780194798938 _q(DVD in pack) |
||
| 035 | _a(OCoLC)ocn908411392 | ||
| 040 |
_aEQO _beng _cEQO _erda _dOCLCO _dYDXCP _dOCLCF _dLTSCA _dS3O _dOCLCQ _dFC@ _dUAT _dOCLCA _dAU@ _dUKMGB _dUKSSU _dDLC _dDLC |
||
| 042 | _alccopycat | ||
| 050 | 0 | 0 |
_aPE1628 _b.O86 2015b |
| 082 | 0 |
_a413 _27 _bOXF |
|
| 100 | 1 |
_aHornby, Albert Sydney, _eauthor. |
|
| 245 | 1 | 0 |
_aOxford advanced learner's dictionary of current English / _cA.S. Hornby. |
| 246 | 3 | 0 | _aAdvanced learner's dictionary of current English |
| 246 | 1 | 4 | _aOxford advanced learner's dictionary |
| 250 | _a[New] Ninth edition. | ||
| 250 | _aInternational student's edition. | ||
| 264 | 1 |
_aOxford : _bOxford University Press, _c2015. |
|
| 300 |
_a1 volume (various pagings) : _billustrations (chiefly colour), colour maps ; _c24 cm + _e1 DVD (4 3/4 in.) |
||
| 336 |
_atext _btxt _2rdacontent |
||
| 337 |
_aunmediated _bn _2rdamedia |
||
| 338 |
_avolume _bnc _2rdacarrier |
||
| 500 | _a"With new iSpeaker/iWriter on DVD and online"--Cover. | ||
| 520 | _aSay it with OxfordThe Oxford Advanced Learners Dictionary is the ultimate speaking and writing tool for developing the skills you need for passing exams and communicating in English. Its trusted by learners and teachers of English around the world for its clear explanations and example sentences. | ||
| 650 | 0 |
_aEnglish language _vDictionaries. |
|
| 650 | 7 |
_aEnglish language. _2fast _0(OCoLC)fst00910920 |
|
| 655 | 7 |
_aDictionaries. _2lcgft |
|
| 655 | 7 |
_aDictionaries. _2fast _0(OCoLC)fst01423826 |
|
| 906 |
_a7 _bcbc _ccopycat _d2 _encip _f20 _gy-gencatlg |
||
| 942 |
_2ddc _cBK |
||
| 999 |
_c1524 _d1524 |
||